|
|
|
|
| LEADER |
00000nam a2200000 a 4500 |
| 005 |
20120104135952.0 |
| 007 |
cr|||| |||| |
| 008 |
100702s2010 spc|||| |||| 000 0 spa|c |
| 017 |
|
|
|a DL B. 26971-2010
|b Biblioteca de Catalunya
|
| 020 |
|
|
|a 9788476989012
|
| 035 |
|
|
|a 6027
|
| 040 |
|
|
|d vLex
|
| 080 |
|
|
|a 341.95(460)
|
| 090 |
|
|
|c 2884
|d 2884
|
| 100 |
1 |
|
|a Marn̕ Consarnau, Diana
|
| 245 |
1 |
3 |
|a La Reagrupacin̤ familiar en el rǧimen comunitario
|h [Recurso electrn̤ico] :
|b problemas de discriminacin̤ inversa /
|c Diana Marn̕ Consarnau ; prl̤ogo Ramn̤ Viąs i Farř
|
| 256 |
|
|
|a Servicio en ln̕ea
|
| 260 |
|
|
|a Barcelona :
|b J. M. Bosch,
|c 2010
|
| 300 |
|
|
|a 1 recurso electrn̤ico
|
| 504 |
|
|
|a Incluye bibliografa̕
|
| 506 |
1 |
|
|a Contenido solo disponible en los productos indicados
|d vLex Global
|d vLex Global (Academic Edition, excluding Law Schools)
|d vLex Global (U.S. Academic Edition, Law Schools)
|d vLex Global (U.S. Academic Edition, excluding Law Schools)
|d vLex Global (Academic Edition, Law Schools)
|
| 650 |
0 |
4 |
|a Derecho de familia (derecho internacional)
|
| 650 |
0 |
4 |
|a Familias inmigrantes
|x Derecho y legislacin̤
|z Espaą
|
| 650 |
0 |
4 |
|a Extranjeros
|z Espaą
|
| 650 |
0 |
4 |
|a Emigracin̤ e inmigracin̤
|x Derecho y legislacin̤
|z Espaą
|
| 740 |
0 |
|
|a vLex Libros (Servicio en ln̕ea)
|
| 856 |
4 |
0 |
|u http://vlex.com/source/6027
|z Acceso restringido
|
| 942 |
|
|
|c BOOK
|
| 999 |
0 |
|
|a Domestic relations
|
| 999 |
0 |
|
|a Emigration and immigration
|
| 999 |
0 |
|
|a Civil law
|